Trends in teaching and learning of mathematical modelling
Sparad:
| Huvudupphovsmän: | , , |
|---|---|
| Övriga upphovsmän: | |
| Materialtyp: | Bok |
| Språk: | engelska |
| Publicerad: |
Dordrecht
Springer
2011
|
| Upplaga: | 1a. ed |
| Serie: | ICTMA, 14
|
| Ämnen: | |
| Taggar: |
Lägg till en tagg
Inga taggar, Lägg till första taggen!
|
MARC
| LEADER | 00000cam a2200000 a 4500 | ||
|---|---|---|---|
| 001 | UCE1041 | ||
| 003 | CL-VaPUC | ||
| 008 | 140324e20110000ne |||||||||||||||||eng|d | ||
| 020 | |a 9789400709096 | ||
| 082 | 0 | 4 | |a 511.8 |b KAI |2 21 |
| 100 | |a Kaiser, Gabriele |e editor |9 815176 | ||
| 700 | 0 | |a Blum, Werner |e author |9 573411 | |
| 700 | 0 | |a Borromeo Ferri, Rita |e author |9 573412 | |
| 700 | 0 | |a Stillman, Gloria |e author |9 573413 | |
| 245 | 1 | 0 | |a Trends in teaching and learning of mathematical modelling |
| 250 | |a 1a. ed | ||
| 300 | |a 732 p | ||
| 942 | |c BK | ||
| 945 | |d 20140324 12:18:00 |a dcastane | ||
| 260 | |a Dordrecht |b Springer |c 2011 | ||
| 650 | 0 | |a Modelos matemáticos |9 259437 | |
| 650 | 0 | |a Matemáticas |x Enseñanza |9 875527 | |
| 583 | |a last modification |c 20140324 12:18:00 |k Rodrigo Vera | ||
| 490 | 0 | |a ICTMA, 14 | |
| 999 | |c 354983 |d 354981 | ||
| 952 | |0 0 |1 0 |3 erd |4 0 |6 511_800000000000000_KAI_2011 |7 0 |8 A |9 461236 |a BIBMAT |b BIBMAT |c E_DIDACT |i 5063086 |o 511.8 KAI 2011 |p 5063086 |r 2025-01-07 |w 2019-11-23 |y BK |z Catalogado en:20140324 |k MAT | ||